[Event "AUTO-ADV-4377"]
[Site "http://www.queenalice.com/game.php?id=1621384"]
[Date "2020.7.24"]
[Round "1"]
[White "Elcid"]
[Black "polyhedron2"]
[Result "0-1"]
[WhiteElo "1565"]
[BlackElo "1966"]

1. c4 e5 2. g3 Nf6 3. Bg2 c6 4. Nf3 d5 5. cxd5 Qxd5 6. Nc3 Qa5 7. O-O Be6 8. d3
Nbd7 9. Bd2 Qb6 10. Na4 Qc7 11. Rc1 Be7 12. Nc3 O-O 13. Bg5 h6 14. Bxf6 Bxf6 15.
Ne4 Be7 16. a3 Rad8 17. Qa4 Nb6 0-1

[Event "AUTO-ADV-4377"]
[Site "http://www.queenalice.com/game.php?id=1621385"]
[Date "2020.7.24"]
[Round "1"]
[White "polyhedron2"]
[Black "Boeing"]
[Result "0-1"]
[WhiteElo "1978"]
[BlackElo "1890"]

1. e4 e5 2. Nf3 d6 3. d4 exd4 4. c3 dxc3 5. Bc4 cxb2 6. Bxb2 Nf6 7. O-O Bg4 8.
Re1 Be7 9. Qb3 O-O 10. Ng5 Qe8 11. Nd2 Nc6 12. Bc3 Ne5 13. Bxe5 dxe5 14. Qxb7 h6
15. Ngf3 Bxf3 16. Nxf3 Bd6 17. Bd5 Nxd5 18. Qxd5 Rd8 19. Qa5 Ra8 20. Rab1 Qc6
21. Rbc1 Qb6 22. Qd5 Rfd8 23. Nxe5 Bxe5 24. Qxe5 Rd2 25. Qxc7 Qxf2+ 0-1

[Event "AUTO-ADV-4377"]
[Site "http://www.queenalice.com/game.php?id=1621386"]
[Date "2020.7.24"]
[Round "1"]
[White "Boeing"]
[Black "polyhedron2"]
[Result "0-1"]
[WhiteElo "1865"]
[BlackElo "1926"]

1. e4 e5 2. Nf3 Nc6 3. Bb5 a6 4. Bxc6 dxc6 5. Nxe5 Qd4 6. Nd3 Qxe4+ 7. Kf1 Nf6
8. Nc5 Bxc5 9. d3 Qh4 10. Qe2+ Be6 11. Nc3 O-O-O 12. Ne4 Nxe4 13. dxe4 Rd1+ 0-1

[Event "AUTO-ADV-4377"]
[Site "http://www.queenalice.com/game.php?id=1635793"]
[Date "2020.12.8"]
[Round "2"]
[White "polyhedron2"]
[Black "BeatifulDevil56"]
[Result "1-0"]
[WhiteElo "1991"]
[BlackElo "1898"]

1. e4 e5 2. Nf3 d6 3. d4 exd4 4. Nxd4 Nf6 5. Nc3 Nbd7 6. f4 Qe7 7. Bd3 a6 8. O-O
Qd8 9. Bd2 Be7 10. Qe2 O-O 11. e5 dxe5 12. fxe5 Bc5 13. Rf4 Bxd4+ 14. Rxd4 c5
15. Rh4 Re8 16. Bxh7+ Nxh7 17. Qh5 Qxh4 18. Qxh4 Nxe5 19. Rf1 Ng6 20. Qc4 Be6
21. Qxc5 Nf6 22. Rxf6 Rad8 23. Rf2 Rc8 24. Qb4 b5 25. a4 Rc4 26. Qa5 Rd4 27.
axb5 axb5 28. Qxb5 Red8 29. Qg5 Ra8 30. Re2 Ra1+ 31. Re1 Rxe1+ 32. Bxe1 Rf4 33.
Bd2 Rf5 34. Qd8+ Kh7 35. Ne4 Bd5 36. g4 Re5 37. Ng5+ 1-0

[Event "AUTO-ADV-4377"]
[Site "http://www.queenalice.com/game.php?id=1635794"]
[Date "2020.12.8"]
[Round "2"]
[White "BeatifulDevil56"]
[Black "polyhedron2"]
[Result "0-1"]
[WhiteElo "1900"]
[BlackElo "2003"]

1. d4 Nf6 2. Nf3 d5 3. Bf4 e6 4. e3 c5 5. dxc5 Bxc5 6. Bb5+ Nc6 7. Bxc6+ bxc6 8.
Ne5 Qb6 9. b3 Ba6 10. Nd3 O-O 11. O-O Be7 12. f3 Nh5 13. Re1 Nxf4 14. Nxf4 Bf6
15. c3 e5 16. Ne2 Qxe3+ 17. Kh1 Bh4 18. Ng3 Qg5 19. Qd2 Qxd2 20. Nxd2 Bxg3 21.
hxg3 Rfe8 22. Rac1 Re6 23. c4 Bb7 24. cxd5 cxd5 25. Rc7 Bc6 26. Rc1 Be8 27. R1c5
d4 28. Rc8 Rxc8 29. Rxc8 Kf8 30. Ne4 h6 31. Nc5 Rc6 32. Rxc6 Bxc6 33. a4 a5 34.
Kg1 Ke7 35. Kf2 Kd6 36. Nd3 Bd5 37. b4 axb4 38. Nxb4 Kc5 39. Nxd5 Kxd5 40. Ke2
Kc4 41. Kd2 Kb4 42. Kd3 Kxa4 43. Ke4 Kb4 44. Kd3 Kb3 45. g4 f6 46. g3 g6 0-1

[Event "AUTO-ADV-4494"]
[Site "http://www.queenalice.com/game.php?id=1758707"]
[Date "2021.5.5"]
[Round "1"]
[White "polyhedron2"]
[Black "Shizumaru_Hisame"]
[Result "1-0"]
[WhiteElo "1985"]
[BlackElo "1851"]

1. e4 e6 2. d4 c5 3. Nf3 b6 4. Nc3 Ba6 5. Bd3 c4 6. Be2 Nf6 7. O-O Bb4 8. e5 Ng8
9. d5 Ne7 10. d6 Ng6 11. Ne4 Nc6 12. c3 Bc5 13. b4 Bxf2+ 14. Rxf2 Ncxe5 15. Nxe5
Nxe5 16. Bg5 Qc8 17. Qd4 f6 18. Nxf6+ gxf6 19. Bh5+ Ng6 20. Qxf6 Qd8 21. Qf7#
1-0

[Event "AUTO-ADV-4494"]
[Site "http://www.queenalice.com/game.php?id=1758708"]
[Date "2021.5.5"]
[Round "1"]
[White "Shizumaru_Hisame"]
[Black "polyhedron2"]
[Result "1-0"]
[WhiteElo "1803"]
[BlackElo "1962"]

1. e4 c5 2. a3 Nc6 3. Nf3 d6 4. Ng5 h6 5. Nxf7 Kxf7 6. Qh5+ g6 7. Qd1 Nf6 8. Nc3
Bg7 9. d3 Rf8 10. h3 Kg8 11. Be3 Bd7 12. Qd2 a6 13. Bxh6 Kh7 14. Bxg7 Kxg7 15.
Ne2 Nh7 16. f4 Qb6 17. O-O-O Nd4 18. Nc3 e6 19. g4 Nf6 20. Qg2 Qc7 21. h4 Kf7
22. h5 gxh5 23. gxh5 Rh8 24. Qg6+ 1-0

[Event "AUTO-ADV-4494"]
[Site "http://www.queenalice.com/game.php?id=1758709"]
[Date "2021.5.5"]
[Round "1"]
[White "polyhedron2"]
[Black "Alex_ac"]
[Result "0-1"]
[WhiteElo "1981"]
[BlackElo "1917"]

1. d4 e6 2. c4 h6 3. e4 Bb4+ 4. Bd2 Bxd2+ 5. Nxd2 d6 6. Ngf3 a6 7. Bd3 Nf6 8.
O-O Nc6 9. Nb3 O-O 10. Qd2 Ne7 11. h3 Bd7 12. Kh1 b6 13. e5 Nh7 14. Qc2 Nf5 0-1

[Event "AUTO-ADV-4494"]
[Site "http://www.queenalice.com/game.php?id=1758710"]
[Date "2021.5.5"]
[Round "1"]
[White "Alex_ac"]
[Black "polyhedron2"]
[Result "1-0"]
[WhiteElo "1966"]
[BlackElo "1996"]

1. d4 Nf6 2. c4 e6 3. a3 c5 4. e3 Nc6 5. Nc3 d5 6. h3 Bd6 7. Nf3 O-O 8. cxd5
exd5 9. Bd3 cxd4 10. Nb5 dxe3 11. Bxe3 Re8 12. O-O Bf8 13. Bg5 1-0

[Event "AUTO-ADV-4494"]
[Site "http://www.queenalice.com/game.php?id=1758711"]
[Date "2021.5.5"]
[Round "1"]
[White "polyhedron2"]
[Black "mariesco"]
[Result "1-0"]
[WhiteElo "1979"]
[BlackElo "1580"]

1. e4 Nc6 2. d4 e5 3. dxe5 Nxe5 4. f4 Nc6 5. Nf3 h6 6. Bc4 Nge7 7. Nc3 Ng6 8.
O-O Be7 9. Be3 O-O 10. a3 d6 11. Qd2 Kh7 12. Nd5 b6 13. a4 Bg4 14. h3 Be6 15. f5
Nge5 16. Ba2 g5 17. fxe6 fxe6 18. Nxe7 Qxe7 19. Nxe5 Nxe5 20. Qe2 a5 21. Rf2 Qg7
22. Raf1 Rae8 23. Rxf8 Rxf8 24. Rxf8 Qxf8 25. Bxe6 c5 26. Qh5 Nc4 27. Bxc4 Qe7
28. Qf7+ Qxf7 29. Bxf7 Kg7 30. Bd5 Kf6 31. g4 1-0

[Event "AUTO-ADV-4494"]
[Site "http://www.queenalice.com/game.php?id=1758712"]
[Date "2021.5.5"]
[Round "1"]
[White "mariesco"]
[Black "polyhedron2"]
[Result "1-0"]
[WhiteElo "1594"]
[BlackElo "2015"]

1. Nf3 d5 2. d4 e6 3. e3 c5 4. c4 Nc6 5. a3 Nf6 6. Nbd2 Bd6 7. b3 Bd7 8. Bd3 O-O
9. Bb2 Qc7 10. O-O a6 11. Re1 Kh8 12. Kf1 Bxh2 13. Nxh2 Qxh2 14. Ke2 Qh5+ 15.
Nf3 Ne4 16. Rh1 Qg4 17. Qg1 cxd4 18. Rh4 Qg6 19. Qh2 e5 20. exd4 Bg4 21. dxe5 h6
22. cxd5 Ne7 23. Qf4 1-0

[Event "AUTO-OPEN-4309"]
[Site "http://www.queenalice.com/game.php?id=1769978"]
[Date "2021.9.16"]
[Round "1"]
[White "andrevillares"]
[Black "polyhedron2"]
[Result "1-0"]
[WhiteElo "2111"]
[BlackElo "1855"]

1. d4 d5 2. c4 c6 3. Nc3 dxc4 4. a4 Nf6 5. e4 e6 6. Bxc4 Be7 7. Nf3 O-O 8. O-O
Qc7 9. Be3 Nbd7 10. Rc1 Nb6 11. Bd3 Bd7 12. d5 1-0

[Event "AUTO-OPEN-4309"]
[Site "http://www.queenalice.com/game.php?id=1769979"]
[Date "2021.9.16"]
[Round "1"]
[White "polyhedron2"]
[Black "andrevillares"]
[Result "0-1"]
[WhiteElo "1927"]
[BlackElo "2116"]

1. e4 c6 2. d4 d5 3. Nc3 dxe4 4. Nxe4 Bf5 5. Qf3 Bg6 6. Be3 Qa5+ 7. Bd2 Qd5 8.
Nc3 Qd8 9. O-O-O Nf6 10. Bd3 Bh5 0-1

[Event "AUTO-OPEN-4309"]
[Site "http://www.queenalice.com/game.php?id=1770002"]
[Date "2021.9.16"]
[Round "1"]
[White "Fischercat"]
[Black "polyhedron2"]
[Result "1-0"]
[WhiteElo "1756"]
[BlackElo "1828"]

1. d4 d5 2. Bf4 Nf6 3. e3 e6 4. Bd3 c5 5. dxc5 Bxc5 6. Bxb8 Rxb8 7. Nf3 O-O 8.
O-O Qb6 9. b3 Bd7 10. Qe2 Bc6 11. Ne5 d4 12. Nxc6 bxc6 13. c3 1-0

[Event "AUTO-OPEN-4309"]
[Site "http://www.queenalice.com/game.php?id=1770003"]
[Date "2021.9.16"]
[Round "1"]
[White "polyhedron2"]
[Black "Fischercat"]
[Result "0-1"]
[WhiteElo "1849"]
[BlackElo "1735"]

1. d4 d5 2. c4 dxc4 3. e3 e6 4. Bxc4 Bb4+ 5. Nc3 Bd7 6. Bd2 Nf6 7. Nf3 O-O 8.
O-O Bxc3 9. Bxc3 Ne4 10. Bb4 Re8 11. Qd3 Nc6 0-1

[Event "AUTO-OPEN-4309"]
[Site "http://www.queenalice.com/game.php?id=1770016"]
[Date "2021.9.16"]
[Round "1"]
[White "milan15fc"]
[Black "polyhedron2"]
[Result "1-0"]
[WhiteElo "1522"]
[BlackElo "1906"]

1. e3 d5 2. Qh5 Nf6 3. Qf3 Bg4 4. Qg3 Nbd7 5. f3 Bf5 6. d3 e6 7. e4 dxe4 8. fxe4
Bg6 9. Bf4 c6 10. Bc7 Qe7 11. Bd6 Qxd6 12. Qxd6 Bxd6 13. h3 1-0

[Event "AUTO-OPEN-4309"]
[Site "http://www.queenalice.com/game.php?id=1770017"]
[Date "2021.9.16"]
[Round "1"]
[White "polyhedron2"]
[Black "milan15fc"]
[Result "1-0"]
[WhiteElo "1925"]
[BlackElo "1545"]

1. e4 e6 2. d4 Qe7 3. Nf3 d5 4. Nc3 Qb4 5. a3 Qd6 6. exd5 exd5 7. Be2 Bg4 8. O-O
Qg6 9. Re1 Bh3 10. Nh4 Qf6 11. Bb5+ Kd8 12. Re8# 1-0

[Event "AUTO-ADV-4539"]
[Site "http://www.queenalice.com/game.php?id=1770082"]
[Date "2021.9.17"]
[Round "1"]
[White "deathbydixxon"]
[Black "polyhedron2"]
[Result "1-0"]
[WhiteElo "1854"]
[BlackElo "1794"]

1. e4 e5 2. Nf3 Nc6 3. Bb5 a6 4. Bxc6 dxc6 5. Nc3 Nf6 6. h3 Bc5 7. d3 O-O 8. Bg5
Qd6 9. Qe2 Re8 10. O-O-O b5 11. Nh4 Be6 12. Bxf6 gxf6 13. Nf5 Kh8 14. Nxd6 cxd6
15. a3 1-0

[Event "AUTO-ADV-4539"]
[Site "http://www.queenalice.com/game.php?id=1770083"]
[Date "2021.9.17"]
[Round "1"]
[White "polyhedron2"]
[Black "deathbydixxon"]
[Result "0-1"]
[WhiteElo "1809"]
[BlackElo "1839"]

1. e4 e5 2. Nf3 Nc6 3. Bc4 h6 4. O-O Nf6 5. d3 d5 6. exd5 Nxd5 7. Bxd5 Qxd5 8.
Nc3 Qe6 9. Re1 Bd6 10. d4 O-O 11. d5 Qd7 12. dxc6 Qxc6 13. Nxe5 Bxe5 14. Rxe5
Be6 15. Qh5 f6 0-1

[Event "AUTO-ADV-4539"]
[Site "http://www.queenalice.com/game.php?id=1770094"]
[Date "2021.9.17"]
[Round "1"]
[White "andreavb"]
[Black "polyhedron2"]
[Result "1-0"]
[WhiteElo "2011"]
[BlackElo "1876"]

1. e4 e5 2. Nf3 Nc6 3. Bc4 Bc5 4. b4 Bxb4 5. c3 Ba5 6. d4 exd4 7. O-O dxc3 8.
Qb3 Qf6 9. Bg5 Qg6 10. Nxc3 Bxc3 11. Qxc3 Nf6 12. e5 Ne4 13. Qe3 1-0

[Event "AUTO-ADV-4539"]
[Site "http://www.queenalice.com/game.php?id=1770095"]
[Date "2021.9.17"]
[Round "1"]
[White "polyhedron2"]
[Black "andreavb"]
[Result "0-1"]
[WhiteElo "1865"]
[BlackElo "2022"]

1. e4 c5 2. Nf3 d6 3. d4 cxd4 4. Nxd4 Nf6 5. Nc3 Nc6 6. Bb5 Bd7 7. O-O e6 8. Kh1
Be7 9. g4 h6 10. f4 e5 11. Nxc6 bxc6 12. Ba4 Bxg4 0-1

[Event "AUTO-ADV-4539"]
[Site "http://www.queenalice.com/game.php?id=1770103"]
[Date "2021.9.17"]
[Round "1"]
[White "Vilnius"]
[Black "polyhedron2"]
[Result "1-0"]
[WhiteElo "1997"]
[BlackElo "1919"]

1. e4 c5 2. Bc4 e6 3. Qe2 Nc6 4. c3 Na5 5. Nf3 Nxc4 6. Qxc4 Nf6 7. O-O d5 8.
exd5 exd5 9. Qe2+ Be6 10. d4 Be7 11. dxc5 Bxc5 12. Qb5+ Nd7 13. Bg5 Qc7 14. Re1
O-O 15. h3 Qg3 16. Be3 1-0